|
|
|
|
| LEADER |
02449nam a2200577 a 4500 |
| 001 |
nkc20071780426 |
| 003 |
CZ PrNK |
| 005 |
20190506130325.0 |
| 007 |
ta |
| 008 |
071122s2007 xr abe f 000 0 cze |
| 015 |
|
|
|a cnb001780426
|
| 020 |
|
|
|a 978-80-254-1010-3
|q (brož.)
|
| 035 |
|
|
|a (OCoLC)228669058
|
| 040 |
|
|
|a ABA001
|b cze
|
| 041 |
0 |
|
|a cze
|b fre
|
| 043 |
|
|
|a e-xr---
|b e-xr-mr
|2 czenas
|
| 072 |
|
7 |
|a 902
|x Archeologie
|2 Konspekt
|9 8
|
| 080 |
|
|
|a 902.2
|2 MRF
|
| 080 |
|
|
|a 903.2
|2 MRF
|
| 080 |
|
|
|a 903"632"
|2 MRF
|
| 080 |
|
|
|a (437.32)
|2 MRF
|
| 080 |
|
|
|a (048.8)
|2 MRF
|
| 100 |
1 |
|
|a Oliva, Martin,
|d 1951-
|7 ola2004228924
|4 aut
|
| 245 |
1 |
0 |
|a Gravettien na Moravě /
|c Martin Oliva ; Jan Klápště et Zdeněk Měřínský - curantibus editae
|
| 250 |
|
|
|a 1. vyd.
|
| 260 |
|
|
|a Brno :
|b [Masarykova univerzita, Filozofická fakulta, Ústav archeologie a muzeologie] ;
|a Praha :
|b [Univerzita Karlova, Filozofická fakulta, Ústav pro pravěk a ranou dobu dějinnou],
|c 2007
|
| 300 |
|
|
|a 257 s. :
|b il. (některé barev.), mapy, plány ;
|c 30 cm
|
| 490 |
1 |
|
|a Dissertationes archaeologicae Brunenses/Pragensesque ;
|v 1
|
| 504 |
|
|
|a Obsahuje bibliografii a bibliografické odkazy
|
| 546 |
|
|
|a Francouzské resumé
|
| 650 |
0 |
7 |
|a archeologické výzkumy
|7 ph118577
|z Česko
|2 czenas
|
| 650 |
0 |
7 |
|a archeologické lokality
|7 ph118575
|z Česko
|2 czenas
|
| 650 |
0 |
7 |
|a archeologické nálezy
|7 ph137683
|z Česko
|2 czenas
|
| 650 |
0 |
9 |
|a excavations (archaeology)
|z Czechia
|2 eczenas
|
| 650 |
0 |
9 |
|a archaeological sites
|z Czechia
|2 eczenas
|
| 650 |
0 |
9 |
|a antiquities
|z Czechia
|2 eczenas
|
| 651 |
|
7 |
|a Morava (Česko)
|7 ge130070
|y paleolit
|2 czenas
|
| 651 |
|
9 |
|a Moravia (Czechia)
|y paleolithic period
|2 eczenas
|
| 653 |
0 |
|
|a gravettien
|
| 655 |
|
7 |
|a studie
|7 fd133597
|2 czenas
|
| 655 |
|
9 |
|a studies
|2 eczenas
|
| 700 |
1 |
|
|a Klápště, Jan,
|d 1949-
|7 jk01060287
|4 edt
|
| 700 |
1 |
|
|a Měřínský, Zdeněk,
|d 1948-2016
|7 jk01081334
|4 edt
|
| 830 |
|
0 |
|a Dissertationes archaeologicae Brunenses/Pragensesque
|0 s
|
| 856 |
4 |
1 |
|u https://digilib.phil.muni.cz/handle/11222.digilib/127359
|y Plný text (Masarykova univerzita Brno)
|4 N
|
| 856 |
4 |
1 |
|u http://www.digitalniknihovna.cz/mzk/uuid/uuid:00a8a800-1a8f-11ea-9fce-005056827e52
|y Digitalizovaný dokument
|x NDK
|
| 910 |
2 |
|
|a BOA001
|b 3-1200.069
|
| 990 |
|
|
|a BK
|
| 995 |
|
|
|a 01
|
| 991 |
|
|
|b 200803
|c NOV
|
| 996 |
6 |
|
|b 2610334141
|c 3-1200.069
|l MZK
|r Sklad / do 1 hodiny
|n 6
|p kup
|w 000886843
|u 000010
|a 1
|e BOA001
|j MZK50
|s P
|